000
00273nam a22001217a 4500
003
SGT
082
_a
200
_b
B08S
100
_a
SINGH, BALMIKI PRASAD
245
_a
BAHUDHA AND THE POST 9/11 WORLD
260
_b
OXFORD UNIVERSITY PRESS
_c
2008
300
_a
370
942
_2
ddc
_c
BK
999
_c
31779
_d
31779